| 000 | 00527nam a2200181Ia 4500 | ||
|---|---|---|---|
| 003 | 0100 | ||
| 008 | 130303s9999 xx 000 0 und d | ||
| 040 | _cARRUPELIB | ||
| 050 | _aBX1912.5.J61 1992 | ||
| 100 | _aJohn, Paul 11 | ||
| 245 | _aPastores dabo vobis | ||
| 245 | _bPost-synodal apostolic exhortation of His Holiness John Paul II on the formation of Priests in the circumstances of the present day | ||
| 260 | _aLondon | ||
| 260 | _bCatholic Truth Society | ||
| 300 | _a226p. | ||
| 300 | _b 19cm. | ||
| 942 | 0 | 0 | _01 |
| 999 |
_c19338 _d19338 |
||